MARC details
| 000 -LEADER |
| campo de control de longitud fija |
01751nam a2200349 i 4500 |
| 001 - NÚMERO DE CONTROL |
| campo de control |
177353 |
| 003 - IDENTIFICADOR DE NÚMERO DE CONTROL |
| campo de control |
ES-MaACL |
| 005 - FECHA Y HORA DE LA ÚLTIMA TRANSACCIÓN |
| campo de control |
20250829063132.0 |
| 008 - DATOS DE LONGITUD FIJA--INFORMACIÓN GENERAL |
| campo de control de longitud fija |
110316e2009 sp ad|||r 001 0|spa |
| 017 ## - NÚMERO DE COPYRIGHT O DE DEPÓSITO LEGAL |
| Número de copyright o de depósito legal |
NA 1037-2009 |
| Agencia que asigna |
Oficina Depósito Legal Navarra |
| 020 ## - NÚMERO INTERNACIONAL ESTÁNDAR DEL LIBRO |
| Número Internacional Estándar del Libro |
978-84-9769-246-5 |
| 080 ## - NÚMERO DE LA CLASIFICACIÓN DECIMAL UNIVERSAL |
| Número de la Clasificación Decimal Universal |
37.043(460)"18/20"(063) |
| 080 ## - NÚMERO DE LA CLASIFICACIÓN DECIMAL UNIVERSAL |
| Número de la Clasificación Decimal Universal |
376(460)"18/20"(063) |
| 080 ## - NÚMERO DE LA CLASIFICACIÓN DECIMAL UNIVERSAL |
| Número de la Clasificación Decimal Universal |
37.013.42(460)"18/20"(063) |
| 111 2# - ENTRADA PRINCIPAL--NOMBRE DE CONGRESO/REUNIÓN |
| Nombre de congreso/reunión o jurisdicción como elemento de entrada |
Coloquio de Historia de la Educación |
| Número del congreso/reunión o número de parte o sección |
(15º. |
| Fecha del congreso o de la firma del tratado |
2009. |
| Sede del congreso/Lugar de la reunión |
Pamplona) |
| 9 (RLIN) |
145677 |
| 245 13 - MENCIÓN DEL TÍTULO |
| Título |
El largo camino hacia una educación inclusiva : |
| Resto del título |
la educación especial y social del siglo XIX a nuestros días : Pamplona-Iruñea, 29, 30 de junio y 1 de julio de 2009 / |
| Mención de responsabilidad, etc. |
XV Coloquio de Historia de la Educación ; Reyes Berruezo Albéniz, Susana Conejero López (coordinadoras) |
| 260 ## - PUBLICACIÓN, DISTRIBUCIÓN, ETC. |
| Lugar de publicación, distribución, etc. |
[Pamplona] : |
| Nombre del editor, distribuidor, etc. |
Universidad Pública de Navarra = Nafarroako Unibertsitate Publikoa, |
| Fecha de publicación, distribución, etc. |
[2009] |
| 300 ## - DESCRIPCIÓN FÍSICA |
| Extensión |
2 volúmenes (826 ; 780 páginas) : |
| Otras características físicas |
ilustraciones, gráficos ; |
| Dimensiones |
24 cm |
| Material acompañante/anejo |
|
| 504 ## - NOTA DE BIBLIOGRAFÍA, ETC. |
| Nota de bibliografía, etc. |
Referencias bibliográficas |
| 650 #4 - PUNTO DE ACCESO ADICIONAL DE MATERIA--TÉRMINO DE MATERIA |
| Término de materia o nombre geográfico como elemento de entrada |
Educación inclusiva- |
| Subdivisión geográfica |
España- |
| Subdivisión de forma |
Congresos y asambleas |
| 9 (RLIN) |
145678 |
| 650 #4 - PUNTO DE ACCESO ADICIONAL DE MATERIA--TÉRMINO DE MATERIA |
| Término de materia o nombre geográfico como elemento de entrada |
Educación especial- |
| Subdivisión geográfica |
España- |
| Subdivisión de forma |
Congresos y asambleas |
| 9 (RLIN) |
145679 |
| 650 #4 - PUNTO DE ACCESO ADICIONAL DE MATERIA--TÉRMINO DE MATERIA |
| Término de materia o nombre geográfico como elemento de entrada |
Pedagogía social- |
| Subdivisión geográfica |
España- |
| Subdivisión de forma |
Congresos y asambleas |
| 9 (RLIN) |
13839 |
| 655 #4 - TERMINO DE INDIZACIÓN--GENERO/FORMA |
| Datos o término principal de género/forma |
Conferencias |
| 9 (RLIN) |
234444 |
| 700 1# - ENTRADA AGREGADA--NOMBRE PERSONAL |
| Nombre de persona |
Berruezo Albéniz, Reyes, |
| Fechas asociadas al nombre |
1951- |
| Término indicativo de función/relación |
Coordinador |
| 9 (RLIN) |
145680 |
| 700 1# - ENTRADA AGREGADA--NOMBRE PERSONAL |
| Nombre de persona |
Conejero López, Susana |
| Término indicativo de función/relación |
Coordinador |
| 9 (RLIN) |
145681 |
| 710 2# - ENTRADA AGREGADA--NOMBRE DE ENTIDAD CORPORATIVA |
| Nombre de entidad corporativa o nombre de jurisdicción como elemento de entrada |
Universidad Pública de Navarra |
| Término indicativo de función/relación |
Editor |
| 9 (RLIN) |
7458 |
| 852 4# - LOCALIZACIÓN |
| Ubicación |
ES-MaACL |
| Sublocalización o colección |
R.145745 |
| Ubicación en estantería |
Depósito 1 |
| Signatura antigua |
Olim: N-4048 |
| Número de control de estantería |
A-11043 |
| Designación de la unidad física |
v. 1 |
| itemnumber |
184171 |
| 852 4# - LOCALIZACIÓN |
| Ubicación |
ES-MaACL |
| Sublocalización o colección |
R.145745 |
| Ubicación en estantería |
Depósito 1 |
| Signatura antigua |
Olim: N-4049 |
| Número de control de estantería |
A-11044 |
| Designación de la unidad física |
v. 2 |
| itemnumber |
200453 |
| 942 ## - ELEMENTOS DE ENTRADA SECUNDARIOS (KOHA) |
| Fuente del sistema de clasificación o colocación |
Clasificación decimal universal |
| Tipo de ítem Koha |
Libro impreso |
| Suprimir en OPAC |
No |